Đà lạt trăm năm = A hundred years history of Dalat

Zapisane w:
Opis bibliograficzny
1. autor: Trương Phúc Ân
Format: Książka
Język:Undetermined
Wydane: Dà Lạt Cty Văn hóa Lâm Đồng 1993
Hasła przedmiotowe:
Etykiety: Dodaj etykietę
Nie ma etykietki, Dołącz pierwszą etykiete!
Thư viện lưu trữ: Trung tâm Học liệu Trường Đại học Cần Thơ
LEADER 00566nam a2200181Ia 4500
001 CTU_10337
008 210402s9999 xx 000 0 und d
082 |a 915.97 
082 |b Â121 
100 |a Trương Phúc Ân 
245 0 |a Đà lạt trăm năm 
245 0 |b = A hundred years history of Dalat 
245 0 |c Trương Phúc Ân 
260 |a Dà Lạt 
260 |b Cty Văn hóa Lâm Đồng 
260 |c 1993 
650 |a vietnam - dalat - description and travel - guidebooks 
980 |a Trung tâm Học liệu Trường Đại học Cần Thơ